LDR 01111naa#a2200169#i#450# 001 RU\\bibl\120439 005 20260514124355.4 011 ## _a2074-8183 100 ## _a20260331b2026####ek#y0rusy0150####ca 102 ## _aRU 200 1# _aУГОЛОВНОЕ ПРАВО И УГОЛОВНЫЙ ПРОЦЕСС: УЧЕБНИК, ЖУРНАЛ И МОНОГРАФИЯ, ИХ РОЛЬ И МЕСТО В ОБРАЗОВАТЕЛЬНОМ ПРОЦЕССЕ. ЧАСТЬ 3. УЧЕБНИКИ ПО УГОЛОВНОМУ ПРОЦЕССУ В ПРОШЛОМ, НАСТОЯЩЕМ И БУДУЩЕМ _eЖурнальная статья 210 1# _aВолгоград _cВолгоградская академия МВД России _d2026 215 ## _a16 с. 608 ## _aЖурнальная статья _2local 675 ## _aУголовное судопроизводство. Уголовно-процессуальное право. 343.1 _aВысшее образование. Высшая школа. Подготовка научных кадров. 378 _z 700 #1 _aКолоколов _gНикита Александрович 856 4# _ava-mvd.editorum.ru _u